[Event "San Francisco TNM Marathon op"]
[Site "San Francisco"]
[Date "2012.09.25"]
[Round "9"]
[White "Ryaboy, Vadim"]
[Black "Bayaraa, Chinguun"]
[Result "1-0"]
[WhiteElo "1781"]
[BlackElo "1270"]
[PlyCount "95"]
[EventDate "2012.07.31"]
[EventType "swiss"]
[EventRounds "9"]
[EventCountry "USA"]
[SourceTitle "EXT 2014"]
[Source "ChessBase"]
[SourceDate "2013.11.20"]
[SourceVersion "1"]
[SourceVersionDate "2013.11.20"]
[SourceQuality "1"]

1. e4 c5 2. Nf3 d6 3. d4 cxd4 4. Nxd4 Nf6 5. Nc3 g6 6. Be3 Bg7 7. Bc4 Ng4 8. Bb5+ Kf8 9. 0-0 Nxe3 10. fxe3 Bf6 11. Qf3 Kg7 12. Nd5 Nd7 13. Bxd7 Bxd7 14. Nxf6 exf6 15. Rf2 Qe7 16. Raf1 Be8 17. Qg4 Bd7 18. Qf4 Rad8 19. Qxf6+ Qxf6 20. Rxf6 Be8 21. c4 a6 22. R6f2 Rc8 23. b3 Rc7 24. Rf6 Rd7 25. R1f2 Rd8 26. Kf1 Rd7 27. g4 h6 28. Ke2 h5 29. g5 h4 30. R2f4 Rh5 31. Nf3 h3 32. Kf2 Rd8 33. Ke2 Rd7 34. Kd3 Rd8 35. Kd4 Rh7 36. Rh4 Rxh4 37. Nxh4 Bc6 38. Nf3 Re8 39. Rf4 Rb8 40. a4 Kf8 41. e5 Bxf3 42. Rxf3 dxe5+ 43. Kxe5 Ke7 44. Kf4 Rh8 45. Kg3 Rh5 46. Kg4 Ke6 47. Rf6+ Ke7 48. Rb6 1-0